| 000 | 00816nam a22002175i 4500 | ||
|---|---|---|---|
| 001 | 166017 | ||
| 003 | ES-MaACL | ||
| 005 | 20251005063131.0 | ||
| 008 | 021029s1838 sp |||| | spa d | ||
| 040 |
_aEUS _bspa _cEUS |
||
| 100 | 1 |
_aTapia, Eugenio de, _d1776-1860 _9162879 |
|
| 245 | 1 | 0 |
_aElementos de jurisprudencia mercantil / _cpor Eugenio de Tapia. |
| 250 | _aNueva edición considerablemente aumentada y refundida. | ||
| 260 |
_aValencia : _blibrería de D. Ildefonso Mompiè de Montagudo, _c1838 ( _fImprenta de D. Ildefonso Mompiè de Montagudo) |
||
| 300 |
_a2 v. ; _c21 cm. |
||
| 596 | 1 | _aDatos de impresor tomados de v. de antep. | |
| 650 | 4 |
_aDerecho mercantil- _zEspaña _911735 |
|
| 752 |
_aEspaña - _dValencia |
||
| 852 |
_aES-MaACL _jC-3346 _z-- Enc hol. |
||
| 999 |
_c166017 _d166017 |
||